| 000 | 01694cam a22003014a 4500 | ||
|---|---|---|---|
| 001 | 13962747 | ||
| 005 | 20210414114101.0 | ||
| 008 | 050512s2004 nyua 001 0 eng | ||
| 010 | _a | ||
| 020 | _a0072254947 | ||
| 040 |
_aDLC _cDLC _dDLC |
||
| 050 | 0 | 0 |
_aTK5105.59.B87 _b |
| 100 | 1 | _aBurnett, Steve. | |
| 245 | 1 | 0 |
_aRSA Security's official guide to cryptography. / _cSteve Burnett and Stephen Paine. |
| 246 | 3 | 0 | _aOfficial guide to cryptography |
| 250 | _aKeller Graduate School of Management of DeVry University ed. | ||
| 260 |
_aNew York : _bMcGraw-Hill/Osborne, _cc2004 |
||
| 300 |
_axxi, 501 p. : _bill. ; _c24 cm. |
||
| 500 | _aIncludes index. | ||
| 505 | _aContents: Why cryptography? -- Symmetric-key cryptography -- Symmetric-key management -- The Key distribution problem and public-key cryptography -- The Digital signature -- Public-key infrastructures and the X.509 standards -- Network and transport security protocols -- Application-layer security protocols -- Hardware solutions: overcoming software limitations -- Digital signatures: beyond security -- Doing it wrong: the break-ins -- Doing it right: following standards -- Appendix A: Bits, bytes, hex, and ASCII -- Appendix B: A Layman's guide to a subset of ASN. 1, BER, and DER -- Appendix C: Further technical details -- Appendix D: Chapter review. | ||
| 650 | 0 | _aComputer networks | |
| 650 | 0 | _aData encryption (Computer science) | |
| 650 | 0 | _aCryptography. | |
| 700 | 1 | _aPaine, Stephen. | |
| 710 | 2 | _aRSA Security. | |
| 942 |
_2lcc _cBK |
||
| 999 |
_c1840 _d9340 |
||